. The Ceylon Medical College Calendar for 1914-1915 (Record no. 143287)
[ view plain ]
| 000 -LEADER | |
|---|---|
| fixed length control field | 00372nam a22001337a 4500 |
| 003 - CONTROL NUMBER IDENTIFIER | |
| control field | LK-CoDNM |
| 005 - DATE AND TIME OF LATEST TRANSACTION | |
| control field | 20231016111509.0 |
| 008 - FIXED-LENGTH DATA ELEMENTS--GENERAL INFORMATION | |
| fixed length control field | 231016b |||||||| |||| 00| 0 eng d |
| 040 ## - CATALOGING SOURCE | |
| Original cataloging agency | LK-CoDNM |
| Modifying agency | LK-CoDNM |
| Description conventions | LK-CoDNM |
| 942 ## - ADDED ENTRY ELEMENTS (KOHA) | |
| Koha item type | Books |
| 245 ## - TITLE STATEMENT | |
| Title | . The Ceylon Medical College Calendar for 1914-1915 |
| 260 ## - PUBLICATION, DISTRIBUTION, ETC. (IMPRINT) | |
| Place of publication, distribution, etc. | COLOMBO |
| Name of publisher, distributor, etc. | Goverment Printers |
| Date of publication, distribution, etc. | 1914 |
| 300 ## - PHYSICAL DESCRIPTION | |
| Extent | 119P., 23 cm. |
| Withdrawn status | Lost status | Damaged status | Not for loan | Permanent Location | Current Location | Date acquired | Full call number | Barcode | Koha item type |
|---|---|---|---|---|---|---|---|---|---|
| Library National Museum Colombo - Sri Lanka | Library National Museum Colombo - Sri Lanka | 2023-10-16 | 50 C 18 | OB556 11 | Books |


